01891nam a2200325 i 4500001000700000003000900007005001700016008004100033015001000074017004800084020001800132035002100150035002300171040002900194080002100223100003700244245010200281250003500383264005100418300002800469336002200497337003000519338002400549490002000573520074100593655002601334700004101360830002001401852014401421196221ES-MaACL20250711063132.0240818s2021 sp | |||| 000 0 spa  aMON21 aTO 13-2021bOficina Depósito Legal Toledo a9788412212969 a(SpMaBN)a6871850 a991034241719708606 aSpMaBNbspacSpMaBNerda a821.134.2-36"20"1 aBroullón, Manuel, d1987-eaut13aLa tonalidad precisa del rojo /cManuel Broullón ; epílogo de Manuel Ángel Vázquez Medel. aPrimera edición: enero, 2021 1aMadrid, España :bKaótica Libros,c[2021]. a117 páginas :c21 cm. aTexto2rdacontent asin mediación2rdamedia avolumen2rdacarrier1 aMultiverso ;v1 aLa tonalidad precisa del rojo es la afirmación de una mirada que se funde con la ciudad, con los cuerpos que la habitan y con el tiempo que todo lo atraviesa. La búsqueda meditativa del mundo y sus representaciones suscita a la vez una experiencia sensorial de plenitud en el presente y la constatación de la fragilidad del ser y de sus identidades. «Manuel Broullón nunca queda en la superficie de las cosas. Parte de la physis, de lo concreto y material, pero siempre va más allá de ello: lanza la palabra desde la fuerza proyectiva de lo simbólico. Por eso su escritura es física y –al mismo tiempo– meta-física. Y llega al fondo de las cosas con la minuciosidad del orfebre». Manuel Ángel Vázquez Medel 0aMisceláneas2tgfbne1 aVázquez Medel, Manuel Ángeleaft 0aMultiverso ;v1 aES-MaACLbR.154508cDEPOJjN-9296gDedicatoria autógrafa del autorhDonación: Manuel BroullónxEncuadernación rústica con solapas